000 00426nam a22001457a 4500
082 _a531.11
_bMER
_cL-5, P-31
100 _aMERIAM J.L.
_913089
245 _aMechanics part-II dynamics/
_bMERIAM J.L.
260 _aLONDON:
_bJOHN WILEY & SONS,
_cc1951.
300 _axiii, 671 p. :
_bill. ;
526 _a0
_b0
_c0
_d531_110000000000000_MER
526 _a0
_b0
_c0
_d531_110000000000000_MER
650 _aMCE
_9379
942 _2ddc
_cBK
999 _c544262
_d544262